South Eastern Kenya University

Library Online Public Access Catalogue


Sports injuries : (Record no. 7671)

MARC details
000 -LEADER
fixed length control field 00530pam a2200169 a 4500
020 ## - ISBN
International Standard Book Number 089594717X (cloth)
020 ## - ISBN
International Standard Book Number 0895947161 (pbk.) :
Terms of availability $16.95
050 00 - LIBRARY OF CONGRESS CALL NUMBER
Classification Number RD 97
Item Number .G77 1994
100 1# - MAIN ENTRY--Author
Personal name Grisogono, Vivian.
245 10 - TITLE
Title Sports injuries :
Remainder of title a self-help guide /
Statement of responsibility, etc Vivian Grisogono.
260 ## - PUBLICATION, DISTRIBUTION, ETC.(IMPRINT)
Place of publication, distribution, etc Freedom, CA :
Name of publisher, distributor, etc Crossing Press,
Date of publication, distribution, etc 1994.
300 ## - PHYSICAL DESCRIPTION
Extent 294 p. :
500 ## - GENERALNOTE
General note "First published in England by John Murray Ltd. in 1984"--T.p. verso.
500 ## - GENERALNOTE
General note Includes index.
650 #0 - SUBJECT--TOPIC
General subdivision Exercise therapy.
942 ## - ADDED ENTRY ELEMENTS(KOHA)
Source of classification or shelving scheme Library of Congress Classification
Koha item type General circulation
Holdings
Source of classification or shelving scheme Not for loan Location (home branch) Sublocation (holding branch) Shelving location Date accessioned Full call number Barcode Nonpublic note Koha item type
Library of Congress Classification   Main Campus Library Main Campus Library   29/07/2015 RD 97 .G77 1994 2015/005184 jm General circulation
Kitui, Kenya.
+254736116989
library@seku.ac.ke